=LDR 00000nam 2200000 4500 =001 000423 =005 20250711023709 =035 ##$$a 0010-0725000285 =007 ta =008 250711################a##########0#ind## =082 ##$$a 398.209 598 =084 ##$$a 398.209 598 VAI a =100 #$$a Vaidya, Anjali =245 1#$$a Ayo,Kita Naik Rintik Hujan Hujan! /$c Anjali Vaidya =250 ##$$a pertama =260 ##$$a Jakarta :$b Badan Pengembangan dan Pembinaan Bahasa,$c 2022 =300 ##$$a 20hlm. : $b ilus. ; $c 22,9cm =650 #4$$a cerita anak indonesia terjemahan =650 #4$$a literasi bahan bacaan =700 #$$a Sayan Mukherjee =856 ##$$a TBM ASSYUHADA =990 ##$$a TBM202400147 =990 ##$$a TBM202400177 =990 ##$$a TBM202400180